MARC

LEADER 00000nam0a2200000 4500
001 334594
005 20231102004653.0
035 |a (RuTPU)RU\TPU\book\360849 
090 |a 334594 
100 |a 20170831d1910 km y0rusy50 ca 
101 0 |a rus 
102 |a RU 
105 |a a z 001zy 
200 1 |a Педагогика математики. Исторические и методические этюды  |h Т. 1  |f В. Мрочек, Ф. Филиппович 
210 |a Санкт-Петербург  |c Книгоиздательство О. Богдановой  |d 1910 
215 |a 380 с.  |c ил. 
320 |a Библиогр.: с. 376-378 
606 1 |a Математика  |x История  |2 stltpush  |3 (RuTPU)RU\TPU\subj\67385  |9 83209 
610 1 |a этюды 
610 1 |a преподавание 
610 1 |a обучение 
610 1 |a педагогика 
610 1 |a эволюция 
610 1 |a методика 
610 1 |a математическое мышление 
675 |a 51(09)  |v 4 
700 1 |a Мрочек  |b В. 
701 1 |a Филиппович  |b Ф. 
801 1 |a RU  |b 63413507  |c 20170831 
801 2 |a RU  |b 63413507  |c 20201130  |g RCR 
942 |c BK